| 000 | 00725nam a2200205Ia 4500 | ||
|---|---|---|---|
| 003 | OSt | ||
| 005 | 20260306111024.0 | ||
| 008 | 210210b1954 xxu||||| |||| 00| 0 eng d | ||
| 020 | _a603034055 | ||
| 040 | _cAL | ||
| 082 | _a823.91 JOHB | ||
| 100 |
_aJohns W E _9257981 |
||
| 245 | _aBiggles pioneer air fighter | ||
| 260 |
_aLondon _bThames publishing Co _c1954 |
||
| 300 | _a184p | ||
| 520 | _aThis contains thirteen short stories, eleven of which were originally published in "The Camels are Coming" (1932) and two (The Thought Reader and Biggles Finds His Feet) which were originally published in "Biggles of the Camel Squadron" (1934). | ||
| 690 |
_aEnglish Fiction _9257982 |
||
| 906 | _a030560 | ||
| 942 |
_2ddc _cBK |
||
| 999 |
_c81683 _d81683 |
||